00251nam a2200097Ia 4500008004100000100002400041245004200065260002200107942000700129999001700136190216s9999||||xx |||||||||||||| ||und|| aKrishan Warrier N V 0aVilasidhanthavum Adinte Upayogangalum bKerala Basha Inst cBK c38074d38074